Largest City by 25 Largest Islands Map Quiz - Statistics

General Stats
  • This quiz has been taken 1,234 times
  • The average score is 16 of 25
Answers on the Map
Answers color-coded by a green-red scale on the quiz's map according to % correct below.
 
Answer Stats
Islands Cities Population % Correct
Ireland Dublin 1,904,806
98%
Great Britain London 13,879,757
98%
Honshu Tokyo 37,800,000
97%
Cuba Havana 2,106,146
96%
Java Jakarta 30,214,303
96%
Iceland Reykjavik 130,345
94%
Luzon Manila 12,877,253
92%
North Island Auckland 1,614,300
90%
Greenland Nuuk 17,316
89%
Hispaniola Port-au-Prince 2,618,894
89%
Sri Lanka Colombo 5,648,000
87%
Madagascar Antananarivo 1,613,375
86%
New Guinea Port Moresby 410,954
83%
South Island Christchurch 389,700
80%
Hokkaido Sapporo 1,918,096
79%
Newfoundland St. John's 106,172
60%
Sumatra Medan 4,103,696
48%
Mindanao Davao 2,516,216
45%
Baffin Island I{qaluit} 6,699
40%
Sulawesi Makassar 1,976,168
31%
Borneo K{uching} 684,112
18%
Sakhalin Y{uzhno-Sakhalinsk} 181,728
18%
Ellesmere Island G{rise Fiord} 150
9%
Victoria Island C{ambridge Bay} 1,477
8%
Banks Island S{achs Harbour} 112
7%
No matching quizzes found
Score Distribution
Percent of People with Each Score
Percentile by Number Answered
Your Score History
You have not taken this quiz